Data mining: concepts and techniques (Record no. 4374)
[ view plain ]
| 000 -LEADER | |
|---|---|
| fixed length control field | 00880 a2200253 4500 |
| 003 - CONTROL NUMBER IDENTIFIER | |
| control field | NUST |
| 020 ## - INTERNATIONAL STANDARD BOOK NUMBER | |
| International Standard Book Number | 1558604898 |
| 038 ## - RECORD CONTENT LICENSOR | |
| Staff Name | waseem |
| 040 ## - CATALOGING SOURCE | |
| Original cataloging agency | DLC |
| Language of cataloging | DLC |
| 082 04 - DEWEY DECIMAL CLASSIFICATION NUMBER | |
| Classification number | 006.312 |
| Author Mark | HAN |
| 100 1# - MAIN ENTRY--PERSONAL NAME | |
| Personal name | Han, Jiawei. |
| 9 (RLIN) | 86648 |
| 245 10 - TITLE STATEMENT | |
| Title | Data mining: concepts and techniques |
| Statement of responsibility, etc. | Jiawei Han, Micheline Kamber. |
| 250 ## - EDITION STATEMENT | |
| Edition statement | 2nd ed. |
| 260 ## - PUBLICATION, DISTRIBUTION, ETC. | |
| Place of publication, distribution, etc. | Amsterdam ; |
| -- | Boston : |
| Name of publisher, distributor, etc. | Elsevier ; |
| Place of publication, distribution, etc. | San Francisco, CA : |
| Name of publisher, distributor, etc. | Morgan Kaufmann, |
| Date of publication, distribution, etc. | c2006. |
| 300 ## - PHYSICAL DESCRIPTION | |
| Extent | xxviii, 770 p. : |
| Other physical details | ill. ; |
| Dimensions | 25 cm. |
| 440 #4 - SERIES STATEMENT/ADDED ENTRY--TITLE | |
| Title | The Morgan Kaufmann series in data management systems |
| 9 (RLIN) | 86649 |
| 500 ## - GENERAL NOTE | |
| General note | Previous ed.: 2000. |
| 563 ## - BINDING INFORMATION | |
| Binding note | PBK. |
| 650 #0 - SUBJECT ADDED ENTRY--TOPICAL TERM | |
| Topical term or geographic name entry element | Data mining. |
| 9 (RLIN) | 86650 |
| 650 #0 - SUBJECT ADDED ENTRY--TOPICAL TERM | |
| Topical term or geographic name entry element | Exploration de donn⥥s (Informatique) |
| 9 (RLIN) | 86651 |
| 700 1# - ADDED ENTRY--PERSONAL NAME | |
| Personal name | Kamber, Micheline. |
| 9 (RLIN) | 86652 |
| 856 42 - ELECTRONIC LOCATION AND ACCESS | |
| Materials specified | Publisher description |
| Uniform Resource Identifier | <a href="http://www.loc.gov/catdir/enhancements/fy0664/2006296324-d.html">http://www.loc.gov/catdir/enhancements/fy0664/2006296324-d.html</a> |
| 942 ## - ADDED ENTRY ELEMENTS (KOHA) | |
| Koha item type | Book |
| Call number prefix | 006.3 HAN |
| Source of classification or shelving scheme | |
| Withdrawn status | Lost status | Source of classification or shelving scheme | Damaged status | Not for loan | Permanent Location | Current Location | Shelving location | Date acquired | Source of acquisition | Cost, normal purchase price | Total Checkouts | Total Renewals | Full call number | Barcode | Date last seen | Date last checked out | Price effective from | Koha item type | Collection code |
|---|---|---|---|---|---|---|---|---|---|---|---|---|---|---|---|---|---|---|---|
| Central Library (CL) | Central Library (CL) | First Floor - Artificial Intelligence/Data Mining | 06/04/2009 | Allied Book Company | 785.70 | 11 | 4 | 006.312 HAN | SEECS009501 | 06/05/2023 | 10/18/2019 | 01/05/2017 | Book | ||||||
| Central Library (CL) | Central Library (CL) | First Floor - Artificial Intelligence/Data Mining | 06/04/2009 | Allied Book Company | 785.70 | 5 | 3 | 006.312 HAN | SEECS009500 | 05/28/2025 | 09/14/2019 | 01/05/2017 | Book | ||||||
| Central Library (CL) | Central Library (CL) | First Floor - Artificial Intelligence/Data Mining | 06/04/2009 | Allied Book Company | 785.70 | 7 | 1 | 006.312 HAN | SEECS009502 | 06/02/2023 | 03/17/2023 | 01/05/2017 | Book | ||||||
| Central Library (CL) | Central Library (CL) | First Floor - Artificial Intelligence/Data Mining | 12/19/2003 | Allied Book Company | 401.70 | 8 | 4 | 006.3 HAN | SEECS004027 | 10/11/2024 | 02/18/2024 | 01/05/2017 | Book | ||||||
| Central Library (CL) | Central Library (CL) | First Floor - Artificial Intelligence/Data Mining | 06/01/2007 | Allied Book Company | 676.35 | 2 | 1 | 006.3 HAN | SEECS008538 | 12/28/2022 | 12/16/2018 | 01/05/2017 | Book |
